01013cam a2200277 a 450000100090000000300040000900500170001300800410003001000170007102000150008802500260010303700700012904000130019904200100021204300120022205000210023408200180025524500590027326000790033230000350041152001480044654600180059465100350061265100450064771000430069214047341OSt20220827111723.0050722m20019999ii ab 000 0 malo  a 2005323642 a8185499403 aI-Mal-2005-323642; 21 aLibrary of Congress -- New Delhi Overseas OfficecRs150.00 (v. 1) aDLCcDLC alcode aa-ii---00aDS489b.V36 2001 a954.83bKER/V00aVāṇiyaṅkulaṃ pañcāyatt vijñānīyaṃ. aTiruvanantapuraṃ :bKēraḷa Caritr̲agavēṣaṇa Kauṇsil,c2001- av. <1> :bill., maps :c29 cm. aChiefly history, social conditions, and natural resources of Vaniyamkulam, a village in Kerala, India, documented by the villager's themselves. aIn Malayalam. 0aVaniyamkulam (India)xHistory. 0aVaniyamkulam (India)xNatural resources.2 aKerala Council for Historical Research